| 000 | 01988nab a2200529 a 4500 | ||
|---|---|---|---|
| 001 | 60695 | ||
| 003 | 132748 | ||
| 005 | 20240715173711.0 | ||
| 008 | ||||||n9999 ||| || || | ||
| 020 | _a9581801316 | ||
| 041 | _aspa | ||
| 082 | _a986.1 | ||
| 100 | _aLievano Aguirre, Indalecio, 1917-1982 | ||
| 245 | 0 |
_aLos grandes conflictos sociales y económicos de nuestra historia (v.1) _cIndalecio lievano Aguirre |
|
| 260 |
_aBogotá : _bPRECO, _c1996. |
||
| 300 | _a476p en v.1 | ||
| 490 | _aBiblioteca Familiar Presidencia de la República | ||
| 505 | _aVol. 1. La primera lucha por la justicia . -- La controversia sobre las encomiendas. -- La rebelión de los encomenderos . -- La Iglesia y los encomenderos . -- La fronda sojuzgada . -- Sobre el lomo de los conflictos . -- La reforma agraria y la reforma tributaria de 1951. -- El motin de las Alcabalas . -- El conflicto entre la ética católica y la ética protestante . -- La batalla por el dominio del mundo . -- Las misiones jesuíticas en el Nuevo Reino . -- Las reducciones guaraníes . -- El despotismo ilustrado . -- Los filósofos de la oligarquia y los filósofos de la democracia . -- En las garras del coloniaje . -- La revolución de los comuneros . | ||
| 562 | _e1 | ||
| 650 | _aCOLOMBIA--HISTORIA | ||
| 650 | _aCOLOMBIA--HISTORIA--COLONIA, 1550-1810 | ||
| 650 | _aPROBLEMÁTICA SOCIAL | ||
| 650 | _aREVOLUCIONES--HISTORIA--COLOMBIA | ||
| 773 |
_060694 _aLos grandes conflictos sociales y economicos de nuestra historia |
||
| 942 | _cBKM | ||
| 942 | _cBKM | ||
| 999 |
_c60695 _d60695 |
||
| 526 | _a | ||
| 526 | _a17598 | ||
| 526 | _a102617 | ||
| 526 | _a102618 | ||
| 526 | _a15794 | ||
| 526 | _a102619 | ||
| 526 | _a1703 | ||
| 526 | _a102620 | ||
| 526 | _a10406 | ||
| 526 | _a105630 | ||
| 526 | _a1698 | ||
| 526 | _a116204 | ||
| 526 | _a51868 | ||
| 526 | _a4969 | ||
| 526 | _a19790 | ||
| 526 | _a104436 | ||
| 526 | _a5144 | ||
| 526 | _a1697 | ||
| 526 | _a3899 | ||
| 526 | _a9683 | ||